Geometry of surfaces

Αποθηκεύτηκε σε:
Λεπτομέρειες βιβλιογραφικής εγγραφής
Κύριος συγγραφέας: Stillwell, John
Μορφή: Βιβλίο
Γλώσσα:English
Δημοσίευση: New York : Springer-Verlag, c1992
Σειρά:Universitext
Θέματα:
Ετικέτες: Προσθήκη ετικέτας
Δεν υπάρχουν, Καταχωρήστε ετικέτα πρώτοι!

MARC

LEADER 00000nam a2200000 i 4500
001 1/73856
008 990323s1992 eng d
020 |a 0387977430 
035 |l 10048913 
040 |a GR-MY-UA  |b gre  |e aacr 
041 0 |a eng 
082 0 |a 516.362 
100 1 |a Stillwell, John. 
245 1 0 |a Geometry of surfaces /  |c John Stillwell 
260 |a New York :   |b Springer-Verlag,   |c c1992 
300 |a xi, 216 p.;  |c 24 cm. 
490 1 |a Universitext 
500 |a Includes bibliographical references and index 
650 0 0 |a Surfaces of constant curvature. 
830 0 |a Universitext 
852 |a INST  |b SAMOS  |e 19990323  |h 516.362 STI  |p 005300014906  |q 005300014906  |t BK  |y 0 
901 |a BIBL-1999-1 
909 |a Σ  |b 064484 
922 |a 3ΕΛΗ  |b 199903  |c ΚΠΣ  |d GLORY